Online
Catalog

Antología literaria de Neyba / (Record no. 10982)

MARC details
000 -CABECERA
campo de control de longitud fija 01793nam a2200313 i 4500
001 - NÚMERO DE CONTROL
campo de control 000011265
003 - IDENTIFICADOR DEL NÚMERO DE CONTROL
campo de control DO-SdBNP
005 - FECHA Y HORA DE LA ÚLTIMA TRANSACCIÓN
campo de control 20251204095228.0
007 - CAMPO FIJO DE DESCRIPCIÓN FÍSICA--INFORMACIÓN GENERAL
campo de control de longitud fija ta
008 - DATOS DE LONGITUD FIJA--INFORMACIÓN GENERAL
campo de control de longitud fija 091015s1978 dr c 001 p spa d
040 ## - FUENTE DE LA CATALOGACIÓN
Centro catalogador/agencia de origen DO-SdBNP
Lengua de catalogación spa
Centro/agencia transcriptor BNPHU
Normas de descripción rda
041 ## - CÓDIGO DE LENGUA
Código de lengua del texto/banda sonora o título independiente spa
082 #4 - NÚMERO DE LA CLASIFICACIÓN DECIMAL DEWEY
Número de clasificación RD861.4408
Número de documento/Ítem M425a
Número de edición 22
100 1# - ENTRADA PRINCIPAL--NOMBRE DE PERSONA
Nombre de persona Mateo Vásquez, Eddy,
Fechas asociadas al nombre 1954-
Término indicativo de función/relación autor
Código de función/relación aut.
9 (RLIN) 20625
245 10 - MENCIÓN DE TÍTULO
Título Antología literaria de Neyba /
Mención de responsabilidad, etc. Eddy Mateo Vásquez.
264 #1 - PRODUCCIÓN, PUBLICACIÓN, DISTRIBUCIÓN, FABRICACIÓN Y COPYRIGHT
Producción, publicación, distribución, fabricación y copyright Santo Domingo :
Nombre del de productor, editor, distribuidor, fabricante Editora Alfa y Omega,
Fecha de producción, publicación, distribución, fabricación o copyright 1978.
300 ## - DESCRIPCIÓN FÍSICA
Extensión 317 páginas :
Otras características físicas ilustraciones, retratos ;
Dimensiones 21 cm.
336 ## - TIPO DE CONTENIDO
Término de tipo de contenido texto
Código de tipo de contenido txt
Fuente rdacontent
337 ## - TIPO DE MEDIO
Nombre/término del tipo de medio sin mediación
Código del tipo de medio n
Fuente rdamedia
338 ## - TIPO DE SOPORTE
Nombre/término del tipo de soporte volumen
Código del tipo de soporte nc
Fuente rdacarrier
505 0# - NOTA DE CONTENIDO CON FORMATO
Nota de contenido con formato Liminar --
Información miscelánea Introducción --
Título Apolinar Perdomo --
-- Armando Sosa Leyba --
-- Angel Hernández Acosta --
-- Pedro Caro Pérez --
-- Carlos Alberto Perdomo R. --
-- Diógenes Noboa Leyba --
-- Servio A. Pérez Acosta --
-- Rafael A Díaz Vásquez --
-- Norvo A Pérez --
-- Elia Meriño de Pérez --
-- Altagracia G. Acosta de M. --
-- Lucrecia Sosa Leyba --
-- Manuel Acosta Sierra --
-- Ismael Perdomo Hijo --
-- Abigail Acosta Matos --
-- Espronceda Pérez Perdomo --
-- Manuel Asunción Pachano --
-- Francisco Acosta Hijo --
-- Onésima Vidal Pérez --
-- Jorge Noboa Herasme --
Información miscelánea Otros literatos de Neyba --
Título Luis Felipe Vidal --
-- Domilio Vásquez G. --
-- Ariel Acosta Cuevas --
Información miscelánea Cantores populares --
Título Totoño Acosta --
-- Cabo e Vela --
-- Carnavá --
-- Anicete Perdomo --
-- José D. Vásquez
590 ## - NOTA LOCAL (RLIN)
Nota local Inventariado, 2019 / DG
650 #4 - PUNTO DE ACCESO ADICIONAL DE MATERIA--TÉRMINO DE MATERIA
Término de materia o nombre geográfico como elemento de entrada Poesía dominicana
9 (RLIN) 351
Subdivisión de forma Colecciones
650 #4 - PUNTO DE ACCESO ADICIONAL DE MATERIA--TÉRMINO DE MATERIA
Término de materia o nombre geográfico como elemento de entrada Literatura dominicana.
9 (RLIN) 67
650 #4 - PUNTO DE ACCESO ADICIONAL DE MATERIA--TÉRMINO DE MATERIA
Término de materia o nombre geográfico como elemento de entrada Autores dominicanos
9 (RLIN) 230
Subdivisión de forma Biografías
651 #4 - PUNTO DE ACCESO ADICIONAL DE MATERIA--NOMBRE GEOGRÁFICO
Nombre geográfico Neyba República Dominicana
Subdivisión general Antologías literarias
9 (RLIN) 26837
910 ## - DATOS DE OPCIÓN DEL USUARIO (OCLC)
Datos de opción del usuario Validado. Control de calidad BNPHU
942 ## - ELEMENTOS DE PUNTO DE ACCESO ADICIONAL (KOHA)
Fuente del sistema de clasificación o colocación Dewey Decimal Classification
Tipo de ítem Koha Libro
Holdings
Estado de retiro Estado de pérdida Fuente del sistema de clasificación o colocación Restricciones de uso No para préstamo Código de colección Localización permanente Ubicación/localización actual Ubicación en estantería Fecha de adquisición Total de préstamos Signatura topográfica completa Código de barras Fecha visto por última vez Número de copia Precio válido a partir de Tipo de ítem Koha
    Dewey Decimal Classification Préstamo en sala   Dominicana de Servicio Biblioteca Nacional Pedro Henríquez Ureña Biblioteca Nacional Pedro Henríquez Ureña Depósito 15.10.2009   BNPHU DS RD861.44 M425a 11265-30 25.06.2020 e. 3 25.06.2020 Libro
    Dewey Decimal Classification Excluido de préstamo   Patrimonio Dominicano Biblioteca Nacional Pedro Henríquez Ureña Biblioteca Nacional Pedro Henríquez Ureña Depósito 15.10.2009   BNPHU PD RD861.4408 M425a 11265-10 25.06.2020   25.06.2020 Libro
    Dewey Decimal Classification Excluido de préstamo   Patrimonio Dominicano Biblioteca Nacional Pedro Henríquez Ureña Biblioteca Nacional Pedro Henríquez Ureña Depósito 15.10.2009   BNPHU PD RD861.4408 M425a 11265-20 25.06.2020 e. 2 25.06.2020 Libro

Powered by Koha